El marxismo y Hegel /

Colección de cartas sobre la relación Hegel y Marx, que publicaron los intelectuales italianos Gerratana y Colleti en la revista Il Contemporaneo - diciembre 1958 a julio 1959-, a partir de la introducción que Colletti hiciera a los Cuadernos filosóficos de Lenin.

Αποθηκεύτηκε σε:
Λεπτομέρειες βιβλιογραφικής εγγραφής
Κύριος συγγραφέας: Colletti, Lucio (autor)
Άλλοι συγγραφείς: Gerratana, Valentino (autor) (autor)
Μορφή: Βιβλίο
Γλώσσα:Ισπανικά
Έκδοση: México : Benemérita Universidad Autónoma de Puebla, 1977, c1977
Σειρά:(Filosófica ; 1)
Θέματα:
Ετικέτες: Προσθήκη ετικέτας
Δεν υπάρχουν, Καταχωρήστε ετικέτα πρώτοι!

MARC

LEADER 00000nam^a2200000^a^4500
001 000181930
005 20250521000000.0
009 20260310101950.272
037 |a Acervo ITESO - Biblioteca 
041 |a ESP 
082 |a 141.  |b HEG EST COL 
100 |a Colletti, Lucio  |e (autor) 
240 1 4 |a [El marxismo y Hegel] 
245 1 3 |a El marxismo y Hegel /  |c L. Colleti, V. Gerratana ; tr. por Roberto Hernández Oramas. 
264 4 |a México :  |b Benemérita Universidad Autónoma de Puebla,  |c 1977, c1977 
300 |a 111 p. 
336 |a texto  |b txt  |2 rdacontenido 
337 |a sin mediación  |b n  |2 rdamedio 
338 |a volumen  |b nc  |2 rdasoporte 
440 1 |a (Filosófica ;  |v 1) 
520 |a Colección de cartas sobre la relación Hegel y Marx, que publicaron los intelectuales italianos Gerratana y Colleti en la revista Il Contemporaneo - diciembre 1958 a julio 1959-, a partir de la introducción que Colletti hiciera a los Cuadernos filosóficos de Lenin. 
649 |a XX 
650 |a Intelectuales Italianos 
650 |a Cartas Italianas 
650 |a Estado, El 
650 |a Filosofía Política 
650 |a Marxismo -  |x Historia y Crítica -  |x Tema Principal 
650 |a Idealismo -  |x Historia y Crítica -  |x Tema Principal 
650 |a Filosofía del Siglo XIX -  |x Historia y Crítica 
650 |a Filosofía Alemana -  |x Historia y Crítica 
650 |a Marx, Karl 
650 |a Colletti, Lucio 
650 |a Gerratana, Valentino 
600 |a Hegel, Friedrich 
700 |a Gerratana, Valentino  |e (autor) 
910 |a Fondo Armando Suárez Gómez 
920 |a Impresos - Libros 
930 |a Fondos Especiales 
905 |a 111 
901 |a 0700000990  |b IT2  |c ESP  |u 20250521 
902 |a https://opac.biblio.iteso.mx/vufind/Record/000181930